00879nam a2200217 a 4500001001000000003000900010005001700019008004100036020001500077040002500092082001600117245005900133260003500192300001700227490002600244500004700270505027000317650002200587700002600609830002600635000022923DO-SdBNP20230526111636.0101123s1988 sp 001 0 spa d a8474233364 aDO-SdBNPbspacBNPHU a170.9bH67300aHistoria de la ética /cEdición de Victoria Camps. aBarcelona :bCrítica,c1988. av. ;c21 cm.1 aCrítica/Filosofía aLa biblioteca posee los volúmenes 1 y 3.0 gv.1.tDe los griegos al renacimiento /rSaturnino Álvarez Turienzo,rJosé Luis L. Aranguren,rManuel Fernández-Galiano... [et al.]. --gv.2.tLa ética moderna --gv.3.tLa ética contemporánea /rCelia Amorós, Gabriel Bello, Enrique Bonete... [et al.]. 4aÉticaxHistoria1 aCamps, Victoria,eed. 0aCrítica/Filosofía